000 00295nam a22001457a 4500
008 210512b ||||| |||| 00| 0 eng d
020 _a9780737766615
041 _aeng
080 _a070
082 _a070
100 _a40
101 _aMED
245 _aMass Media
_cOPVS
942 _2udc
_cBK
999 _c57293
_d57293